Statistics for Gen Z Slang Quiz

Click here to take the quiz!

General Stats

  • This quiz has been taken 498 times
  • The average score is 12 of 18

Answer Stats

QuestionAnswer% Correct
In which of these situations would you yell out, "Slay!"All of them
90%
If I watched a YouTube video and said it "lives rent free in my head," what do I mean?I cannot stop thinking about the video
90%
If Lexie became super attractive after puberty and some personal grooming, you can say she had...?A glow-up
87%
If my friend tells me the movie he watched was "mid," should I watch it?No, not worth my time
85%
Which of these refers to someone's "drip?"Their outfit, sense of style
84%
Which one of these people would be considered "Bougie?"Jackson, who only wears expensive name brands
80%
Which of these slang words is NOT listed with the word from which it derived?Cap, short for capricious
75%
If Jenna considers herself a 'Taylor Swift stan', what does that mean?She loves the singer Taylor Swift, and is up to date on all of her content
70%
Which of these sentences uses the word, "bussin" correctly"The little bacon bits in my mom's mac-n'cheese make it taste bussin'!"
68%
If Zack just said, "OK Boomer," to his grandfather, what could his grandfather have said?"Your generation doesn't value an honest day's work."
66%
Fill in the blank: "Oh my God, they're not even dating, but Pete bought Ariana a diamond bracelet for her birthday. What a ____"Simp
63%
If someone says, "Dylan is acting sus right now?" what could Dylan have done?He jokingly flirted with his friend Troy in an over the top manner
60%
Brandon and Britney make a reference that Kimmy doesn't understand. What phrase would they say afterwards to indicate that it's an inside joke."iykyk"
55%
Malcolm just told you, "Martin and me, it's on sight." Should Martin and Malcolm be in the same room together?No, because Malcolm and Martin are having a feud and will fight
52%
Which of these is the correct way to use the term "Tea?"Only A and B
50%
If you express an opinion, and someone replies that it was "based," what does that mean?Your opinion may be controversial, but it is ultimately correct
50%
Which of these three phrases mean the same thing?Fax, No cap, On God
49%
Which of these slang terms CANNOT be used in the same contextBet; big mad
46%

Score Distribution

Percentile by Number Answered

Percent of People with Each Score

Your Score History

You have not taken this quiz